00438nam a2200181Ia 4500008004000000020001800040041000800058082001700066100002200083245004200105260003800147300001300185650001000198650001200208650001700220650001300237650000600250210210b2012 xxu||||| |||| 00| 0 eng d a9789380138947 aeng a821.009 BANM aBANERJEE (Soumya) aMetaphysical poetry: a critical study aDelhibSwastik Publicationsc2012 aviii,264 astudy apoetry: aMetaphysical acritical aa